Better ways to pay for health care
Salvato in:
| Autore principale: | |
|---|---|
| Altri autori: | , |
| Natura: | Libro |
| Lingua: | inglese |
| Pubblicazione: |
Paris
OECD
2016
|
| Serie: | OECD health policy studies
|
| Soggetti: | |
| Tags: |
Nessun Tag, puoi essere il primo ad aggiungerne!!
|
MARC
| LEADER | 00000nam a2200000 4500 | ||
|---|---|---|---|
| 001 | 0229164 | ||
| 005 | 20240314122733.7 | ||
| 020 | |a 978-92-64-25820-4 | ||
| 041 | 0 | |a eng | |
| 044 | |a FR | ||
| 245 | 1 | 0 | |a Better ways to pay for health care |c Divya Srivastava, Michael Mueller, Emily Hewlett |
| 264 | 1 | |a Paris |b OECD |c 2016 | |
| 300 | |a 165 s. | ||
| 490 | 1 | |a OECD health policy studies | |
| 830 | 0 | |a OECD health policy studies | |
| 610 | 2 | 0 | |a zdravie |
| 610 | 2 | 0 | |a ochrana zdravia |
| 610 | 2 | 0 | |a služby zdravotnícke |
| 610 | 2 | 0 | |a systémy platobné |
| 610 | 2 | 0 | |a reformy |
| 610 | 2 | 0 | |a zdravotníctvo |
| 610 | 2 | 0 | |a kvalita služieb |
| 610 | 2 | 0 | |a populácia |
| 610 | 2 | 0 | |a porovnanie medzinárodné |
| 100 | 1 | |a Srivastava, Divya | |
| 700 | 1 | |a Mueller, Michael | |
| 700 | 1 | |a Hewlett, Emily | |